000 00727nam a2200205Ia 4500
003 GCL
008 140319s9999 xx 000 0 ara d
040 _aGCL /
_cGCL
082 0 4 _a813.009
_bع م
100 1 _aعبدالرحمن ابوعوف
245 1 0 _aمراجعات فى الادب المصرى المعاصر /
_cعبدالرحمن ابوعوف
300 _a479 ص
490 _aالهيئة العامة للاستعلامات
_v0
650 0 4 _aالادب العربى
650 0 4 _aالادب العربى - تاريخ
650 0 4 _aالادب العربى - تاريخ ونقد
650 0 4 _aالقصص العربية - مصر
650 0 4 _aالقصص العربية - تاريخ ونقد
942 _2ddc
_cBK
999 _c49032
_d49032